<?xml version="1.0" encoding="UTF-8"?>
<record
    xmlns:xsi="http://www.w3.org/2001/XMLSchema-instance"
    xsi:schemaLocation="http://www.loc.gov/MARC21/slim http://www.loc.gov/standards/marcxml/schema/MARC21slim.xsd"
    xmlns="http://www.loc.gov/MARC21/slim">

  <leader>03722nam a22003137a 4500</leader>
  <controlfield tag="003">DO-SdBNP</controlfield>
  <controlfield tag="005">20260305073952.0</controlfield>
  <controlfield tag="007">ta</controlfield>
  <controlfield tag="008">210820e2018    dr abc|grf||| 001 e spa d</controlfield>
  <datafield tag="020" ind1=" " ind2=" ">
    <subfield code="a">9789993439660</subfield>
  </datafield>
  <datafield tag="040" ind1=" " ind2=" ">
    <subfield code="a">DO-SdBNP</subfield>
    <subfield code="b">spa</subfield>
    <subfield code="c">BNPHU</subfield>
  </datafield>
  <datafield tag="041" ind1=" " ind2=" ">
    <subfield code="h">spa</subfield>
  </datafield>
  <datafield tag="082" ind1=" " ind2="4">
    <subfield code="a">972.93</subfield>
    <subfield code="b">M938m 2018</subfield>
    <subfield code="2">22</subfield>
  </datafield>
  <datafield tag="100" ind1="1" ind2=" ">
    <subfield code="a">Moya Pons, Frank,</subfield>
    <subfield code="d">1944-</subfield>
    <subfield code="9">2095</subfield>
  </datafield>
  <datafield tag="245" ind1="1" ind2="3">
    <subfield code="a">Manual de historia dominicana /</subfield>
    <subfield code="c">Frank Moya Pons.</subfield>
  </datafield>
  <datafield tag="250" ind1=" " ind2=" ">
    <subfield code="a">16a. ed.</subfield>
  </datafield>
  <datafield tag="260" ind1=" " ind2=" ">
    <subfield code="a">Santo Domingo :</subfield>
    <subfield code="b">Librer&#xED;a La Trinitaria, </subfield>
    <subfield code="c">2018</subfield>
  </datafield>
  <datafield tag="300" ind1=" " ind2=" ">
    <subfield code="a">761 p. :</subfield>
    <subfield code="b">il., mapas, retr.</subfield>
    <subfield code="c">23 cm</subfield>
  </datafield>
  <datafield tag="500" ind1=" " ind2=" ">
    <subfield code="a">Incluye datos biogr&#xE1;ficos del autor en la contracubierta.</subfield>
  </datafield>
  <datafield tag="500" ind1=" " ind2=" ">
    <subfield code="a">Incluye &#xED;ndice </subfield>
  </datafield>
  <datafield tag="505" ind1=" " ind2=" ">
    <subfield code="a">Prefacio --</subfield>
    <subfield code="t">I. La sociedad ta&#xED;na --</subfield>
    <subfield code="t">II. La sociedad espa&#xF1;ola en el siglo XV --</subfield>
    <subfield code="t">III. El oro y las encomiendas de indios (1493-1520) --</subfield>
    <subfield code="t">IV. El az&#xFA;car y la esclavitud de los negros (1520-1607) --</subfield>
    <subfield code="t">V. Monopolio y contrabando en El Caribe (1503-1603) --</subfield>
    <subfield code="t">VI. La ganader&#xED;a, el contrabando y las devastaciones (1503-1608) --</subfield>
    <subfield code="t">VII. Consecuencias de las devastaciones (1606-1655).--</subfield>
    <subfield code="t">VIII. Los bucaneros, los filibusteros y la invasi&#xF3;n inglesa de 1655 (1621-1655) --</subfield>
    <subfield code="t">IX. La ocupaci&#xF3;n francesa del oeste de la isla (1655-1697) --</subfield>
    <subfield code="t">X. La pobreza dominicana en la segunda mitad del siglo XVII (1655-1700) --</subfield>
    <subfield code="t">XI. La recuperaci&#xF3;n econ&#xF3;mica de Santo Domingo (1697-1731) --</subfield>
    <subfield code="t">XII. La ocupaci&#xF3;n francesa de las tierras fronterizas (1697-1777) --</subfield>
    <subfield code="t">XIII. La formaci&#xF3;n de la frontera (1731-1789) --</subfield>
    <subfield code="t">XIV. La colonia francesa de Saint Domingue y la Revoluci&#xF3;n Haitiana (1789-1804) --</subfield>
    <subfield code="t">XV. El Tratado de Basilea y sus consecuencias (1795-1801) --</subfield>
    <subfield code="t">XVI. La era de Francia y la reconquista (1801-1809) --</subfield>
    <subfield code="t">XVII. La Espa&#xF1;a Boba y la invasi&#xF3;n de Boyer (1809-1822)--</subfield>
    <subfield code="t">XVIII. La dominaci&#xF3;n haitiana: comienzos (1822-1825) --</subfield>
    <subfield code="t">XIX. La dominaci&#xF3;n haitiana: problemas (1826-1838) --</subfield>
    <subfield code="t">XX. La Trinitaria, la reforma y la ca&#xED;da de Boyer (1838-1843) --</subfield>
    <subfield code="t">XXI. La separaci&#xF3;n (1843-1844) --</subfield>
    <subfield code="t">XXII. Guerra y pol&#xED;tica en el a&#xF1;o (1844) --</subfield>
  </datafield>
  <datafield tag="505" ind1=" " ind2=" ">
    <subfield code="t">XXIII. Santana (1844-1857 --</subfield>
    <subfield code="t">XXIV.  Santana y B&#xE1;ez (1849-1857) --</subfield>
    <subfield code="t">XXV. Causas y consecuencias de la revoluci&#xF3;n de 1857 (1844-1861) --</subfield>
    <subfield code="t">XXVI. La anexi&#xF3;n y la restauraci&#xF3;n (1861-1865) --</subfield>
    <subfield code="t">XXVII. La restauraci&#xF3;n y sus efectos inmediatos (1865- 1868) --</subfield>
    <subfield code="t">XXVIII. Los seis a&#xF1;os de B&#xE1;ez (1868-1873) --</subfield>
    <subfield code="t">XXIX. Rojos, verdes y azulez (1873-1879) --</subfield>
    <subfield code="t">XXX. Los gobiernos azulez (1879-1886) --</subfield>
    <subfield code="t">XXXI La econom&#xED;a dominicana y el partido azul (1865-1886) --</subfield>
    <subfield code="t">XXXII Lil&#xED;s y las deudas (1887-1899) --</subfield>
    <subfield code="t">XXXIII. La deuda y los comienzos de la influencia Americana (1899-1907) --</subfield>
    <subfield code="t">XXXIV. R&#xE1;m&#xF3;n C&#xE1;ceres (1906-1911) --</subfield>
    <subfield code="t">XXXV. El derrumbe de la soberan&#xED;a (1911-1916) --</subfield>
    <subfield code="t">XXXVI. La ocupaci&#xF3;n militar norteamericana (1916-1924) --</subfield>
    <subfield code="t">XXXVII. Horacio V&#xE1;squez (1924-1930) --</subfield>
    <subfield code="t">XXXVIII. La Era de Trujillo (1930-1961) --</subfield>
    <subfield code="t">XXXIX. Democratizaci&#xF3;n y guerra civil (1961-1966) --</subfield>
    <subfield code="t">XL. Los doce a&#xF1;os de Balaguer (1966-1978) --</subfield>
    <subfield code="t">XLI. Antonio Guzm&#xE1;n (1978-1982).--</subfield>
    <subfield code="t">XLII. Salvador Jorge Blanco (1982-1986).--</subfield>
    <subfield code="t">XLIII. El retorno de Balaguer (1986-1990).--</subfield>
    <subfield code="t">XLIV. Marxistas vs socialdem&#xF3;cratas.--</subfield>
    <subfield code="t">Bibliograf&#xED;a.--</subfield>
    <subfield code="t">Gobiernos y gobernantes de la Rep&#xFA;blica Dominicana (1844-2002).--</subfield>
    <subfield code="t">&#xCD;ndice onom&#xE1;stico --</subfield>
    <subfield code="t">&#xCD;ndice anal&#xED;tico --</subfield>
    <subfield code="t">L&#xE1;minas entre p&#xE1;ginas: Los padres de la Patria -- </subfield>
    <subfield code="t">Retratos de presidentes y gobernantes de la Rep&#xFA;blica Dominicana -- </subfield>
    <subfield code="t">Mapas y gr&#xE1;ficos. </subfield>
  </datafield>
  <datafield tag="590" ind1=" " ind2=" ">
    <subfield code="a">Inventariado 2021 / MF</subfield>
  </datafield>
  <datafield tag="651" ind1=" " ind2="4">
    <subfield code="a">Rep&#xFA;blica Dominicana</subfield>
    <subfield code="x">Condiciones econ&#xF3;micas</subfield>
    <subfield code="x">Historia</subfield>
    <subfield code="9">1210</subfield>
  </datafield>
  <datafield tag="651" ind1=" " ind2="4">
    <subfield code="a">Rep&#xFA;blica Dominicana </subfield>
    <subfield code="x">Condiciones sociales </subfield>
    <subfield code="x">Historia</subfield>
    <subfield code="9">1211</subfield>
  </datafield>
  <datafield tag="651" ind1=" " ind2="4">
    <subfield code="a">Rep&#xFA;blica Dominicana </subfield>
    <subfield code="x">Pol&#xED;tica y gobierno </subfield>
    <subfield code="x">Historia</subfield>
    <subfield code="9">1212</subfield>
  </datafield>
  <datafield tag="910" ind1=" " ind2=" ">
    <subfield code="a">Validado. Control de calidad MFF</subfield>
  </datafield>
  <datafield tag="942" ind1=" " ind2=" ">
    <subfield code="2">ddc</subfield>
    <subfield code="c">LBS1</subfield>
  </datafield>
  <datafield tag="952" ind1=" " ind2=" ">
    <subfield code="0">0</subfield>
    <subfield code="1">0</subfield>
    <subfield code="2">ddc</subfield>
    <subfield code="5">1</subfield>
    <subfield code="7">1</subfield>
    <subfield code="8">PD</subfield>
    <subfield code="a">BNPHU</subfield>
    <subfield code="b">PD</subfield>
    <subfield code="c">HD</subfield>
    <subfield code="d">2018-09-12</subfield>
    <subfield code="e">Donado por Editora B&#xFA;ho</subfield>
    <subfield code="l">0</subfield>
    <subfield code="o">BNPHU PD 972.93 M938m 2018</subfield>
    <subfield code="p">2021-25549</subfield>
    <subfield code="r">2021-08-20</subfield>
    <subfield code="w">2021-08-20</subfield>
    <subfield code="y">LFPD</subfield>
  </datafield>
  <datafield tag="952" ind1=" " ind2=" ">
    <subfield code="0">0</subfield>
    <subfield code="1">0</subfield>
    <subfield code="2">ddc</subfield>
    <subfield code="5">1</subfield>
    <subfield code="7">2</subfield>
    <subfield code="8">PD</subfield>
    <subfield code="a">BNPHU</subfield>
    <subfield code="b">PD</subfield>
    <subfield code="c">HD</subfield>
    <subfield code="d">2018-09-12</subfield>
    <subfield code="e">Donado por Editora B&#xFA;ho</subfield>
    <subfield code="l">0</subfield>
    <subfield code="o">BNPHU PD 972.93 M938m 2018</subfield>
    <subfield code="p">2021-25550</subfield>
    <subfield code="r">2021-08-20</subfield>
    <subfield code="t">e.2</subfield>
    <subfield code="w">2021-08-20</subfield>
    <subfield code="y">LFPD</subfield>
  </datafield>
  <datafield tag="952" ind1=" " ind2=" ">
    <subfield code="0">0</subfield>
    <subfield code="1">0</subfield>
    <subfield code="2">ddc</subfield>
    <subfield code="5">6</subfield>
    <subfield code="7">0</subfield>
    <subfield code="8">DS</subfield>
    <subfield code="a">BNPHU</subfield>
    <subfield code="b">DO</subfield>
    <subfield code="c">HD</subfield>
    <subfield code="d">2018-09-12</subfield>
    <subfield code="e">Donado por Editora B&#xFA;ho</subfield>
    <subfield code="l">0</subfield>
    <subfield code="o">BNPHU DS 972.93 M938m 2018</subfield>
    <subfield code="p">2021-25551</subfield>
    <subfield code="r">2021-08-20</subfield>
    <subfield code="t">e.3</subfield>
    <subfield code="w">2021-08-20</subfield>
    <subfield code="y">LFDS</subfield>
  </datafield>
  <datafield tag="999" ind1=" " ind2=" ">
    <subfield code="c">50229</subfield>
    <subfield code="d">50229</subfield>
  </datafield>
</record>
